[Event "ESP-ch U14 rapid"]
[Site "Salobrena"]
[Date "2024.07.20"]
[Round "2"]
[White "Sergooris, Danail Jurgen"]
[Black "Tafall Villanueva, Gorka"]
[Result "1/2-1/2"]
[WhiteElo "1907"]
[BlackElo "1558"]
[PlyCount "169"]
[EventDate "2024.07.20"]
[EventType "swiss (rapid)"]
[EventRounds "9"]
[EventCountry "ESP"]
[SourceTitle "CB31_2024"]
[SourceDate "2024.07.31"]
[SourceVersion "1"]
[SourceVersionDate "2024.07.31"]
[SourceQuality "1"]

1. e4 e5 2. Nf3 Nc6 3. Bc4 Bc5 4. c3 Nf6 5. d3 d6 6. Nbd2 h6 7. h3 a6 8. Bb3 Be6 9. Nf1 Qd7 10. Ng3 Ne7 11. d4 exd4 12. cxd4 Bb4+ 13. Bd2 Bxd2+ 14. Qxd2 Bxb3 15. axb3 0-0 16. 0-0 Ng6 17. Rfe1 Rfe8 18. Rac1 c6 19. Rcd1 Re7 20. Qc2 Rae8 21. Re3 Nf4 22. Rde1 N4h5 23. Nf5 Re6 24. g3 Kh7 25. e5 dxe5 26. Nd6+ e4 27. Nxe8 Rxe8 28. Nd2 Qxh3 29. Nxe4 Nxe4 30. Rxe4 Rxe4 31. Rxe4 Qf5 32. Re2 Qxc2 33. Rxc2 Nf6 34. Re2 Nd5 35. Re8 Kg6 36. Rb8 b6 37. Rc8 Nb4 38. Kg2 Kf6 39. Kf3 g6 40. Ke4 Ke6 41. g4 h5 42. gxh5 gxh5 43. Rh8 f6 44. Rxh5 b5 45. f4 Nd5 46. f5+ Kd6 47. Rh8 Ke7 48. Ra8 Nb4 49. Rh8 Nd5 50. Rh7+ Kd6 51. Rf7 b4 52. Rh7 Nc7 53. Rh1 Ke7 54. Rc1 Kd6 55. Rc5 Nd5 56. Ra5 Nc7 57. Ra4 c5 58. Ra5 cxd4 59. Kxd4 Kc6 60. Kc4 Kb6 61. Kxb4 Nb5 62. Ra1 Nd4 63. Rf1 Nc2+ 64. Kc3 Ne3 65. Rf3 Nd5+ 66. Kd4 Nb4 67. Rh3 Kc6 68. Kc4 Nd5 69. b4 Nb6+ 70. Kb3 Kd6 71. Rf3 Ke5 72. b5 axb5 73. Kb4 Nc4 74. b3 Nd6 75. Kc5 Nxf5 76. Rf2 Nd4 77. b4 f5 78. Rf1 Nc2 79. Kxb5 Ke4 80. Kc6 f4 81. b5 Nd4+ 82. Kc5 Nxb5 83. Kxb5 Ke3 84. Kc4 f3 85. Re1+ 1/2-1/2

[Event "ESP-ch U14"]
[Site "Salobrena"]
[Date "2023.07.17"]
[Round "1"]
[White "Tafall Villanueva, Gorka"]
[Black "Mompel Ferruz, Xavier"]
[Result "0-1"]
[WhiteElo "1565"]
[BlackElo "2159"]
[PlyCount "74"]
[EventDate "2023.07.17"]
[EventType "swiss"]
[EventRounds "9"]
[EventCountry "ESP"]
[SourceTitle "EXT 2024"]
[Source "ChessBase"]
[SourceDate "2023.10.10"]
[SourceVersion "1"]
[SourceVersionDate "2023.10.10"]
[SourceQuality "1"]

1. e4 c5 2. Nf3 e6 3. d4 cxd4 4. Nxd4 Nc6 5. Nc3 Qc7 6. g3 d6 7. Be3 a6 8. Bg2 Bd7 9. 0-0 Be7 10. Re1 Nf6 11. a3 0-0 12. f4 Nxd4 13. Qxd4 Ng4 14. Qb6 Qc8 15. Kh1 Nxe3 16. Qxe3 Bc6 17. Rad1 Qc7 18. Rf1 Bf6 19. g4 h6 20. Qg3 Qe7 21. e5 dxe5 22. fxe5 Bh4 23. Qe3 Bxg2+ 24. Kxg2 Bg5 25. Qb6 Rac8 26. Rd6 Rc4 27. h3 Bf4 28. Re1 Qh4 29. Qf2 Qxf2+ 30. Kxf2 Rc5 31. Rd7 Bxe5 32. Rxb7 Bxc3 33. bxc3 Rxc3 34. Re3 Rxc2+ 35. Kg3 Rfc8 36. Ra7 R2c3 37. Ra8 Rxe3+ 0-1